Некоторые вопросы дефектоскопии с помощью тормозного излучения высокой энергии; Тезисы докладов на пятой Межвузовской научной конференции по электронным ускорителям (17-21 марта 1964 г.)

Dades bibliogràfiques
Parent link:Тезисы докладов на пятой Межвузовской научной конференции по электронным ускорителям (17-21 марта 1964 г.).— 1964.— С. 53-54
Altres autors: Воробьев А. А. Александр Акимович, Воробьёв В. А., Горбунов В. И. Владимир Иванович, Титов Г. В.
Sumari:В фонде НТБ ТПУ отсутствует
Idioma:rus
Publicat: 1964
Matèries:
Format: MixedMaterials Capítol de llibre
KOHA link:https://koha.lib.tpu.ru/cgi-bin/koha/opac-detail.pl?biblionumber=592927

MARC

LEADER 00000naa0a2200000 4500
001 592927
005 20250128164300.0
035 |a (RuTPU)RU\TPU\tpu\5639 
090 |a 592927 
100 |a 20011210d1964 k y0rusy50 ca 
101 0 |a rus 
102 |a RU 
200 1 |a Некоторые вопросы дефектоскопии с помощью тормозного излучения высокой энергии  |f А. А. Воробьев [и др.] 
333 |a В фонде НТБ ТПУ отсутствует 
463 |t Тезисы докладов на пятой Межвузовской научной конференции по электронным ускорителям (17-21 марта 1964 г.)  |v С. 53-54  |d 1964 
610 1 |a электронные ускорители 
610 1 |a труды учёных ТПУ 
701 1 |a Воробьев  |b А. А.  |c российский физик  |c ректор Томского политехнического института, профессор  |f 1909-1981  |g Александр Акимович  |3 (RuTPU)RU\TPU\pers\12805  |4 070 
701 1 |a Воробьёв  |b В. А.  |4 070 
701 1 |a Горбунов  |b В. И.  |c российский ученый, физик  |c Заслуженный профессор Томского политехнического университета  |f 1929-2008  |g Владимир Иванович  |3 (RuTPU)RU\TPU\pers\19778  |4 070 
701 1 |a Титов  |b Г. В.  |4 070 
801 0 |a RU  |b 63413507  |c 20011210  |g PSBO 
801 2 |a RU  |b 63413507  |c 20091222  |g PSBO 
942 |c BK